| 000 | 01037nam a2200229Ia 4500 | ||
|---|---|---|---|
| 001 | 17390 | ||
| 005 | 20260327113216.0 | ||
| 008 | 260306s9999||||xx |||||||||||||| ||und|| | ||
| 041 | _aESP | ||
| 082 |
_a657.835 _bR81P |
||
| 100 |
_aRomero Romero, Enrique _eAUT |
||
| 245 | 0 |
_aPresupuesto y contabilidad pública: _buna visión práctica actualizada a NIC-SP |
|
| 260 | _c2007 | ||
| 300 |
_a308 páginas : _c9789586484770 |
||
| 650 | _aGEN | ||
| 654 | _aCCO | ||
| 856 |
_uhttps://itmsp.museknowledge.com/UCSP?url=https://www.ebooks7-24.com:443/?il=19820&pg=1 _zVéase además: Presupuesto público y contabilidad gubernamental, por Enrique Romero Romero. Versión digital |
||
| 856 |
_uhttps://0u213ty1l-y-https-ebooks7--24-com.itmsp.museknowledge.com/biblioteca.aspx _zVéase además: Base de datos Ebook7-24 |
||
| 856 |
_uhttps://www.legismovil.pe/lnp.asp _zVéase además: Base de datos LegisMóvil |
||
| 856 |
_uhttps://legal.legis.com.pe/home/Corporativo _zVéase además: Base de datos Multilegis |
||
| 942 |
_cLIB _dJUS _fJUS _2ddc |
||
| 999 |
_c17390 _d17390 |
||